[Event "Euro Online U2300 Day 1"]
[Site "chess.com INT"]
[Date "2020.05.25"]
[Round "5"]
[White "Papakonstantinou, Dimitrios1"]
[Black "Reshetniak, Vitaliy"]
[Result "0-1"]
[WhiteElo "2250"]
[BlackElo "2026"]
[WhiteFideId "4218655"]
[BlackFideId "14125250"]
[EventDate "2020.05.25"]

1. e4 c5 2. Nf3 e6 3. d4 cxd4 4. Nxd4 a6 5. Bd3 Bc5 6. Nb3 Be7 7. Be3 Nf6 8. O-O
O-O 9. Qe2 Nc6 10. f4 d6 11. N1d2 e5 12. f5 d5 13. Kh1 Qc7 14. Bg5 d4 15. g4 h6
16. Bh4 Bd7 17. g5 hxg5 18. Bxg5 Nb4 19. Rg1 Rfc8 20. Qg2 Nxd3 21. cxd3 Kf8 22.
Qh3 Kg8 23. Qg2 Kf8 24. Rac1 Qb6 25. Nc4 Rxc4 26. Rxc4 Bb5 27. Bxf6 Bxf6 28.
Rcc1 Bxd3 29. Nc5 Bb5 30. Qh3 Rd8 31. Qb3 d3 32. a4 d2 33. Rc3 Be7 34. axb5 Bxc5
35. Rd1 axb5 36. Rd3 Rxd3 37. Qxd3 Be3 38. Kg2 Kg8 39. Kf3 Qh6 40. Kg2 Qf4 41.
Qe2 Qxe4+ 42. Qf3 Qd3 43. Ra1 Qc2 44. Ra8+ Kh7 45. Qh5+ Bh6 0-1

[Event "Euro Online U2300 Day 1"]
[Site "chess.com INT"]
[Date "2020.05.25"]
[Round "5"]
[White "Ruperez Benito, Antonio"]
[Black "Muradli, Mahammad"]
[Result "1/2-1/2"]
[WhiteTitle "FM"]
[BlackTitle "IM"]
[WhiteElo "2356"]
[BlackElo "2449"]
[WhiteFideId "22245049"]
[BlackFideId "13409301"]
[EventDate "2020.05.25"]

1. e4 c5 2. Nf3 d6 3. Bb5+ Bd7 4. Bxd7+ Nxd7 5. O-O Ngf6 6. Qe2 g6 7. d4 cxd4 8.
Nxd4 Bg7 9. c4 O-O 10. Nc3 a6 11. b3 e6 12. Bb2 Qa5 13. Rad1 Rfd8 14. Rfe1 Rac8
15. h3 Ne5 16. f4 Nc6 17. Nxc6 bxc6 18. Na4 Qc7 19. e5 Ne8 20. exd6 Rxd6 21.
Rxd6 Qxd6 22. Be5 Qe7 23. Bxg7 Nxg7 24. c5 a5 25. Qd2 Rd8 26. Qxa5 Nf5 27. Qc3
Qh4 28. Rf1 Rd4 29. Nb6 Rxf4 30. Rxf4 Qxf4 31. Nc4 h5 32. Qd2 Qe4 33. Nd6 Qe5
34. Nxf5 Qxf5 35. b4 g5 36. a4 g4 37. hxg4 hxg4 38. Qc3 Qf4 39. g3 Qe4 40. a5
Qe2 41. Qf6 Qe1+ 42. Kg2 Qd2+ 43. Kg1 Qe1+ 44. Kg2 Qxb4 45. Qg5+ Kh7 46. Qh5+
Kg7 47. Qg5+ Kf8 48. Qd8+ Kg7 49. Qg5+ Kh7 50. Qh5+ Kg7 51. Qg5+ 1/2-1/2

[Event "Euro Online U2300 Day 1"]
[Site "chess.com INT"]
[Date "2020.05.25"]
[Round "5"]
[White "Eden, James"]
[Black "Karaoglan, Doruk"]
[Result "1/2-1/2"]
[WhiteTitle "IM"]
[BlackTitle "CM"]
[WhiteElo "2330"]
[BlackElo "2230"]
[WhiteFideId "666491"]
[BlackFideId "6390927"]
[EventDate "2020.05.25"]

1. e4 c5 2. Nf3 d6 3. d4 cxd4 4. Nxd4 Nf6 5. Nc3 g6 6. f4 Nc6 7. Nxc6 bxc6 8. e5
Nd7 9. exd6 exd6 10. Qd4 Nf6 11. Be3 Bg7 12. O-O-O O-O 13. Qxd6 Qa5 14. Qc5 Qc7
15. g3 Bg4 16. Be2 Bxe2 17. Nxe2 Rfe8 18. Nc3 Nd7 19. Qd6 Qxd6 20. Rxd6 Rxe3 21.
Rxd7 Bxc3 22. bxc3 Rxc3 23. Re1 a5 24. Ree7 Rf8 25. Ra7 Ra3 26. Kb2 Ra4 27. a3
Rb8+ 28. Reb7 Rxb7+ 29. Rxb7 Re4 30. Rc7 Re2 31. Rxc6 Rxh2 32. Rc5 Rg2 33. Rxa5
Rxg3 34. Rd5 Rg4 35. f5 g5 36. f6 h5 37. a4 Rxa4 38. Rxg5+ Kh7 39. Rg7+ Kh6 40.
Rxf7 Kg6 41. Rf8 Rf4 42. Rg8+ Kxf6 43. Kb3 Ke6 44. c4 Kd6 45. Kb4 Kc6 46. Rg6+
Kc7 47. Kb5 h4 48. c5 Rf7 49. Rh6 h3 50. Rxh3 Rf6 51. Rh7+ Kc8 52. Kc4 Rf4+ 53.
Kd5 Rf6 54. Re7 Rh6 55. Ke5 Rh5+ 56. Kd6 Rh6+ 57. Kd5 Rh5+ 58. Kc6 Rh6+ 59. Kb5
Rg6 60. Rh7 Rf6 61. Kc4 Rg6 62. Kd4 Rg4+ 63. Kd5 Rg5+ 1/2-1/2

[Event "Euro Online U2300 Day 1"]
[Site "chess.com INT"]
[Date "2020.05.25"]
[Round "5"]
[White "Mladek, Richard"]
[Black "Koutlas, Nikolaos"]
[Result "1-0"]
[WhiteTitle "FM"]
[WhiteElo "2280"]
[BlackElo "2032"]
[WhiteFideId "386588"]
[BlackFideId "25827138"]
[EventDate "2020.05.25"]

1. e4 c5 2. Nf3 Nc6 3. d4 cxd4 4. Nxd4 e5 5. Nb5 d6 6. N1c3 a6 7. Na3 Be6 8. Be3
b5 9. Nd5 Rb8 10. g3 h5 11. h4 g6 12. Bg2 Bh6 13. O-O Bxe3 14. fxe3 Nh6 15. Qf3
O-O 16. Rad1 Kg7 17. Rd2 Ng4 18. c3 f5 19. Qe2 fxe4 20. Bxe4 Rxf1+ 21. Qxf1 Ne7
22. Nc2 Bxd5 23. Bxd5 Nf5 24. Qf3 Qb6 25. Be6 Ngxe3 26. Nxe3 Nxe3 27. Rf2 Ng4
28. Bxg4 hxg4 29. Qf6+ Kh7 30. Qf7+ Kh6 31. h5 Kxh5 32. Qh7+ Kg5 33. Qh4# 1-0

[Event "Euro Online U2300 Day 1"]
[Site "chess.com INT"]
[Date "2020.05.25"]
[Round "5"]
[White "Bruil, Rembrandt"]
[Black "Abbasov, Amil1"]
[Result "0-1"]
[WhiteTitle "CM"]
[WhiteElo "2105"]
[BlackElo "2172"]
[WhiteFideId "1053590"]
[BlackFideId "13402277"]
[EventDate "2020.05.25"]

1. g3 c5 2. Bg2 Nc6 3. d3 g6 4. c3 Bg7 5. Nf3 d6 6. O-O e5 7. e4 Nge7 8. Be3 O-O
9. Qc1 f5 10. Bh6 f4 11. Bxg7 Kxg7 12. d4 Bg4 13. Nbd2 cxd4 14. cxd4 Rc8 15. Qe1
fxg3 16. fxg3 Nxd4 17. Nxd4 Qb6 18. Nb3 Nc6 19. Kh1 Nxd4 20. Qd2 Be6 21. Nxd4
exd4 22. Qg5 Qc5 23. Qe7+ Bf7 24. Qxb7 Rc7 25. b4 Rxb7 26. bxc5 dxc5 27. Rfd1
Rb2 28. Rac1 Be6 29. Rxc5 Rff2 30. Bf1 Bg4 31. Re1 Bf3+ 32. Kg1 Rxh2 33. Be2
Rhxe2 34. Rxe2 Bxe2 35. Rd5 d3 36. Kf2 Rxa2 37. Ke3 Bf1 38. e5 Re2+ 0-1

[Event "Euro Online U2300 Day 1"]
[Site "chess.com INT"]
[Date "2020.05.25"]
[Round "5"]
[White "Samunenkov, Ihor"]
[Black "Franchuk, Serhiy"]
[Result "1/2-1/2"]
[WhiteElo "2142"]
[BlackElo "2026"]
[WhiteFideId "14187086"]
[BlackFideId "14116740"]
[EventDate "2020.05.25"]

1. d4 d5 2. Nf3 e6 3. g3 c5 4. Bg2 Nf6 5. O-O Be7 6. c4 Nc6 7. cxd5 exd5 8. Nc3
O-O 9. Bg5 Bf5 10. Rc1 cxd4 11. Nxd4 Nxd4 12. Qxd4 Be6 13. Rfd1 h6 14. Be3 Qa5
15. Qd2 Qa6 16. Bd4 Rad8 17. e3 Rfe8 18. Qd3 Qxd3 19. Rxd3 b6 20. Rd2 Rd7 21. h3
Ne4 22. Nxe4 dxe4 23. a3 f5 24. Rdc2 Bf6 25. Bxf6 gxf6 26. h4 Red8 27. Bh3 Rd1+
28. Rxd1 Rxd1+ 29. Kg2 Rd7 30. Rc6 Kf7 31. b4 Ke7 32. a4 Rd6 33. Rc7+ Rd7 34.
Rc8 Rd8 35. Rxd8 Kxd8 36. Kf1 a5 37. bxa5 bxa5 38. Ke2 Kc7 39. Kd2 Kd6 40. Kc3
Ke5 41. Bf1 Bd7 42. Kb3 Kd5 43. Bc4+ Kc5 44. Be2 Be6+ 45. Kc3 Bd7 46. Bd1 Bc6
47. Kb3 Bd7 48. Kc3 Bc6 49. Kb3 Bd7 50. Kc3 1/2-1/2

[Event "Euro Online U2300 Day 1"]
[Site "chess.com INT"]
[Date "2020.05.25"]
[Round "5"]
[White "Svane, Frederik"]
[Black "Theuretzbacher, Klaus"]
[Result "1-0"]
[WhiteElo "2421"]
[BlackElo "2177"]
[WhiteFideId "12923044"]
[BlackFideId "1601571"]
[EventDate "2020.05.25"]

1. e4 d5 2. exd5 Qxd5 3. Nc3 Qd6 4. d4 Nf6 5. Nf3 a6 6. a4 Bg4 7. h3 Bh5 8. g4
Bg6 9. Ne5 Nc6 10. Nxc6 Qxc6 11. d5 Qd7 12. Bg2 e5 13. O-O Bd6 14. Bg5 h6 15.
Bxf6 gxf6 16. Ne4 O-O-O 17. Nxf6 Qe7 18. Qf3 Bxc2 19. b4 Kb8 20. a5 h5 21. Rfc1
hxg4 22. hxg4 e4 23. Nxe4 Bxe4 24. Qxe4 Qxe4 25. Bxe4 Bxb4 26. Rcb1 Bd6 27. Rb3
Rde8 28. Bf5 Bc5 29. Rab1 b6 30. d6 Re2 31. dxc7+ Kxc7 32. axb6+ Kb7 33. Rf3
Bxb6 34. Bd3 Re7 35. Rf6 Re6 36. Rxf7+ Kc6 37. Bxa6 Reh6 38. Bb7+ Kd6 39. Rxb6+
Ke5 40. Rxh6 Rxh6 41. Rf5+ Ke6 42. Bf3 1-0

[Event "Euro Online U2300 Day 1"]
[Site "chess.com INT"]
[Date "2020.05.25"]
[Round "5"]
[White "Ghimpu, Samuel-Timotei"]
[Black "Khalikov, Bulat"]
[Result "1/2-1/2"]
[WhiteTitle "FM"]
[WhiteElo "2302"]
[BlackElo "2109"]
[WhiteFideId "1238175"]
[BlackFideId "34147869"]
[EventDate "2020.05.25"]

1. d4 d5 2. c4 e6 3. Nc3 Nf6 4. Nf3 Be7 5. g3 O-O 6. Bg2 c6 7. O-O Nbd7 8. Qc2
b6 9. Ne5 Bb7 10. e4 Rc8 11. Rd1 Nxe4 12. Nxe4 dxe4 13. Qxe4 Nxe5 14. Qxe5 Bf6
15. Qe2 Qe7 16. Bf4 Rfd8 17. Be5 g6 18. Bxf6 Qxf6 19. Qe5 Kg7 20. f4 Ba6 21. b3
c5 22. d5 Bb7 23. dxe6 Qxe5 24. fxe5 Bxg2 25. Kxg2 fxe6 26. Kf3 Rf8+ 27. Ke3
Rcd8 28. Rxd8 Rxd8 29. Rf1 Rf8 30. Rd1 Rf5 31. Rd7+ Kh6 32. Ke4 Rf2 33. Rxa7
Rxh2 34. Ra6 Re2+ 35. Kf4 g5+ 36. Kg4 Rxe5 37. Rxb6 Kg6 38. Kf3 h5 39. a4 Kf5
40. Rb5 g4+ 41. Kf2 Ke4 42. a5 Kd3 43. a6 Kd2 1/2-1/2

[Event "Euro Online U2300 Day 1"]
[Site "chess.com INT"]
[Date "2020.05.25"]
[Round "5"]
[White "Maximov, Oleg"]
[Black "Rause, Olita"]
[Result "1-0"]
[BlackTitle "IM"]
[WhiteElo "2219"]
[BlackElo "2192"]
[WhiteFideId "4176960"]
[BlackFideId "11600250"]
[EventDate "2020.05.25"]

1. e4 e5 2. Nc3 Nf6 3. g3 Nc6 4. Bg2 Bc5 5. Nge2 O-O 6. O-O Nd4 7. Nxd4 Bxd4 8.
d3 c6 9. h3 h6 10. Kh2 d5 11. Ne2 Bb6 12. f4 exf4 13. Bxf4 dxe4 14. dxe4 Qxd1
15. Raxd1 Nd7 16. g4 Re8 17. Ng3 Nc5 18. Bd6 Be6 19. e5 g6 20. b3 Nd7 21. c4 a5
22. Ne4 Bd8 23. Nc3 f5 24. exf6 Bxf6 25. Ne4 Bg7 26. Bg3 a4 27. Nd6 Reb8 28.
Rfe1 Nf8 29. Re3 axb3 30. axb3 Ra2 31. Rde1 Bd7 32. Nf5 gxf5 33. Bxb8 fxg4 34.
hxg4 Bxg4 35. Be5 Bxe5+ 36. Rxe5 Bf3 37. Rg1 Kf7 38. Rf5+ 1-0

[Event "Euro Online U2300 Day 1"]
[Site "chess.com INT"]
[Date "2020.05.25"]
[Round "5"]
[White "Miletic, Vuk"]
[Black "Giannoulakis, Lampros"]
[Result "0-1"]
[BlackTitle "FM"]
[WhiteElo "2159"]
[BlackElo "2293"]
[WhiteFideId "16503406"]
[BlackFideId "4247019"]
[EventDate "2020.05.25"]

1. d4 Nf6 2. c4 g6 3. Nc3 Bg7 4. e4 d6 5. Nge2 O-O 6. Ng3 h5 7. Be2 h4 8. Nf1 c5
9. d5 h3 10. g3 e6 11. Bg5 Qa5 12. Qd2 a6 13. f3 exd5 14. Nxd5 Qxd2+ 15. Kxd2
Nxd5 16. cxd5 Re8 17. Rb1 b5 18. Bf4 Be5 19. Bxe5 Rxe5 20. Bd3 Nd7 21. Ne3 c4
22. Bc2 Nc5 23. b4 cxb3 24. axb3 a5 25. b4 axb4 26. Rxb4 Bd7 27. Rhb1 Ra3 28.
Bd1 f5 29. Bc2 Kg7 30. Re1 fxe4 31. Bxe4 Ra2+ 32. Nc2 Nxe4+ 33. fxe4 Re8 34. Ra1
Rxa1 35. Nxa1 Kf6 36. Nc2 Ke5 37. Ne1 Ra8 38. Nd3+ Kf6 39. Ke3 Ra3 40. Rb2 Ra5
41. Kd4 Ra1 42. Rf2+ Ke7 43. Rb2 Rd1 44. Ke3 Ra1 45. Kd4 Rg1 46. Ke3 g5 47. Nb4
Rg2 48. Rxg2 hxg2 49. Kf2 Bh3 50. Nc6+ Kd7 51. Nb4 Kc7 52. Nd3 Kb6 53. Kg1 Ka5
54. Nf2 b4 55. Nxh3 b3 56. Nf2 b2 0-1

[Event "Euro Online U2300 Day 1"]
[Site "chess.com INT"]
[Date "2020.05.25"]
[Round "5"]
[White "Kucera, Jiri"]
[Black "Johansson, Carl Fredrik"]
[Result "1-0"]
[BlackTitle "CM"]
[WhiteElo "2019"]
[BlackElo "2205"]
[WhiteFideId "309494"]
[BlackFideId "1701576"]
[EventDate "2020.05.25"]

1. Nf3 Nf6 2. d4 g6 3. Bf4 Bg7 4. e3 O-O 5. h3 d6 6. Be2 Nbd7 7. c4 c5 8. d5 Qc7
9. Nc3 Ne5 10. O-O Nfd7 11. Qc2 a6 12. a4 b6 13. a5 bxa5 14. Qa4 Rb8 15. Rfb1
Rb4 16. Qa2 Qb6 17. Bg5 Nxf3+ 18. Bxf3 Ne5 19. Be2 f6 20. Bf4 f5 21. Bg5 Rf7 22.
f4 Nd7 23. Bh4 Nf6 24. Be1 Qb8 25. Qxa5 Ne4 26. Nxe4 Rxb2 27. Rxb2 Qxb2 28. Ra2
Qc1 29. Ng5 Qxe3+ 30. Kh1 Bd4 31. Nf3 Qxf4 32. Qd8+ Rf8 33. Qxe7 Qc1 34. Kh2
Be5+ 35. Nxe5 dxe5 36. Bh4 Qf4+ 37. Bg3 Qh6 38. Bxe5 f4 39. Bf3 Rf7 40. Qe8+ Rf8
41. Qe7 Rf7 42. Qd8+ Rf8 43. Qc7 g5 44. d6 g4 45. Bd5+ Be6 46. Bxe6+ Qxe6 47.
Qg7# 1-0

[Event "Euro Online U2300 Day 1"]
[Site "chess.com INT"]
[Date "2020.05.25"]
[Round "5"]
[White "Nilsson, Joakim 2000"]
[Black "Dornbusch, Tatiana"]
[Result "0-1"]
[WhiteTitle "FM"]
[BlackTitle "WGM"]
[WhiteElo "2215"]
[BlackElo "2268"]
[WhiteFideId "1723383"]
[BlackFideId "14107449"]
[EventDate "2020.05.25"]

1. d4 Nf6 2. Nf3 c5 3. c3 g6 4. Bg5 Bg7 5. Nbd2 d6 6. dxc5 dxc5 7. Bxf6 Bxf6 8.
Ne4 Qxd1+ 9. Rxd1 Nd7 10. e3 a6 11. Nxf6+ Nxf6 12. a4 b6 13. a5 b5 14. Ne5 Bb7
15. Nd3 Rc8 16. f3 c4 17. Nb4 O-O 18. Be2 Rfd8 19. Kf2 Nd7 20. f4 Nc5 21. Bf3
Bxf3 22. Kxf3 f5 23. Rd4 Kf8 24. Rhd1 Ke8 25. h3 Nb3 26. Rd5 Rxd5 27. Rxd5 Rd8
28. Re5 Rd6 29. Nd5 e6 30. Nf6+ Ke7 31. Nxh7 Nxa5 32. Rc5 Rc6 33. Rxc6 Nxc6 34.
e4 a5 35. g4 b4 36. cxb4 a4 37. b5 c3 38. bxc3 a3 39. bxc6 a2 40. exf5 exf5 41.
gxf5 gxf5 42. c7 Kd7 43. Nf6+ Kxc7 44. Ne8+ Kc6 45. Ng7 a1=Q 46. Nxf5 Qxc3+ 47.
Kg4 Qf6 48. Ng3 Kd5 49. h4 Qg6+ 50. Kf3 Kd4 51. h5 Qe6 52. h6 Kd5 53. h7 Qh3 54.
h8=Q Qxh8 55. Kg4 Qg7+ 56. Kf3 Ke6 57. Ne4 Qb7 58. Ke3 Qb3+ 59. Kd4 Qb4+ 60. Ke3
Qb6+ 61. Kf3 Qc6 62. Ke3 Kf5 63. Ng3+ Kg4 64. Ne2 Qf3+ 65. Kd2 Kh5 66. Ke1 Kg6
67. Kd2 Kf6 68. Ke1 Ke7 69. Kd2 Kd6 70. Ke1 Qe3 71. Kd1 Kd5 72. f5 Ke4 73. f6
Qd3+ 74. Ke1 Qb1+ 75. Kf2 Qb6+ 76. Kg2 Qxf6 77. Ng3+ Ke3 78. Nf1+ Ke2 79. Ng3+
Kd3 80. Nf1 Qg5+ 81. Kf3 Qf5+ 82. Kg2 Qf8 83. Nh2 Ke2 84. Kg3 Qb8+ 85. Kg2 Qg8+
86. Kh3 Kf2 87. Ng4+ Kf3 88. Ne5+ Kf4 89. Nd3+ Kf5 90. Nf2 Qg1 91. Ne4 Kxe4 0-1

[Event "Euro Online U2300 Day 1"]
[Site "chess.com INT"]
[Date "2020.05.25"]
[Round "5"]
[White "Taspinar, Yanki"]
[Black "Shishigin, Dmitry"]
[Result "1-0"]
[WhiteTitle "CM"]
[WhiteElo "2178"]
[BlackElo "2219"]
[WhiteFideId "34561188"]
[BlackFideId "24104353"]
[EventDate "2020.05.25"]

1. d4 Nf6 2. c4 e6 3. Nc3 Bb4 4. e3 b6 5. Nf3 Bb7 6. Be2 d5 7. O-O O-O 8. a3
Bxc3 9. bxc3 c5 10. Bb2 dxc4 11. Bxc4 Qc7 12. Be2 Nbd7 13. h3 Rfd8 14. Rc1 Ne4
15. Qc2 Rac8 16. Qb1 h6 17. Rfd1 c4 18. Nd2 Nxd2 19. Rxd2 Nf6 20. f3 Qg3 21. Rf1
Nd5 22. Qe1 Qxe1 23. Rxe1 Nxe3 24. Kf2 Nd5 25. Bf1 b5 26. g3 a5 27. Rc2 Nb6 28.
Re5 Rd5 29. f4 Nd7 30. Re1 Nf6 31. g4 Rd7 32. Re5 Nd5 33. Kg3 Nc7 34. h4 f6 35.
Re1 Kf7 36. Bc1 Bd5 37. Rf2 Na6 38. f5 b4 39. axb4 axb4 40. fxe6+ Bxe6 41. g5
hxg5 42. hxg5 f5 43. g6+ Kf6 44. Bh3 Nc7 45. Bf4 Rd5 46. Be5+ Kxg6 47. Bxc7 f4+
48. Bxf4 Bxh3 49. Kxh3 bxc3 50. Be5 Rh8+ 51. Kg2 Rh5 52. Re3 Rg5+ 53. Kf1 Rf5
54. Rxc3 Rxf2+ 55. Kxf2 Rd7 56. Rxc4 Kf5 57. Ke3 g5 58. Rc7 Rd8 59. Rf7+ Kg4 60.
Ke4 1-0

[Event "Euro Online U2300 Day 1"]
[Site "chess.com INT"]
[Date "2020.05.25"]
[Round "5"]
[White "Brett, Andrew R"]
[Black "Papadopoulos, Georgios3"]
[Result "0-1"]
[WhiteElo "2085"]
[BlackElo "2347"]
[WhiteFideId "416460"]
[BlackFideId "4210271"]
[EventDate "2020.05.25"]

1. e4 e5 2. Nf3 Nc6 3. Bb5 a6 4. Ba4 Nf6 5. O-O Be7 6. Re1 b5 7. Bb3 O-O 8. h3
d5 9. exd5 Nxd5 10. Nxe5 Nxe5 11. Rxe5 Nb6 12. d3 c5 13. c3 Qc7 14. Re1 Bb7 15.
Nd2 Rad8 16. Bc2 Nd5 17. Nf3 Bf6 18. d4 cxd4 19. Nxd4 b4 20. Qd3 g6 21. Bd2 bxc3
22. bxc3 Nb4 23. cxb4 Bxd4 24. Rac1 Bxf2+ 25. Kxf2 Rxd3 26. Bxd3 Qd6 27. Re3 Rd8
28. Rce1 Qb6 29. Kf1 Rxd3 30. Rxd3 Qb5 31. Re3 Be4 32. Ke2 Bxd3+ 33. Rxd3 Qc4
34. a3 Qe4+ 35. Re3 Qxg2+ 36. Kd3 f5 37. Re8+ Kf7 38. Rh8 Qe4+ 39. Kc3 Qe5+ 0-1

[Event "Euro Online U2300 Day 1"]
[Site "chess.com INT"]
[Date "2020.05.25"]
[Round "5"]
[White "Gavilan Diaz, Mario"]
[Black "Skuhala, Jernej"]
[Result "0-1"]
[WhiteTitle "FM"]
[BlackTitle "FM"]
[WhiteElo "2278"]
[BlackElo "2342"]
[WhiteFideId "2260905"]
[BlackFideId "14605651"]
[EventDate "2020.05.25"]

1. e4 c6 2. d4 d5 3. e5 c5 4. dxc5 Nc6 5. Bb5 e6 6. Be3 Qa5+ 7. Nc3 Ne7 8. a3 a6
9. b4 Qc7 10. Bxc6+ Nxc6 11. f4 Bd7 12. Nf3 O-O-O 13. O-O Ne7 14. Nd4 f6 15. b5
fxe5 16. fxe5 Ng6 17. c6 bxc6 18. bxc6 Bxc6 19. Kh1 Bd7 20. Qd3 Qc4 21. Qd2 Bc5
22. Rab1 Rhf8 23. Rfe1 Bxa3 24. Nce2 Bc5 25. Rb3 Nxe5 26. Rc3 Qb4 27. Nb3 Nc4
28. Bxc5 Qxc5 29. Nxc5 Nxd2 30. Nxe6+ Nc4 31. Nxd8 Kxd8 32. Nd4 Rf2 33. Rf3 Rd2
34. Rd3 Rxd3 35. cxd3 Nb2 36. Re3 a5 37. Re5 Nxd3 38. Rxd5 a4 39. Nf3 Nf4 40.
Rd4 Ne6 41. Rd3 Kc7 42. Ne5 Bb5 43. Rc3+ Kd6 44. Nf3 Nc5 45. Nd4 Bd7 46. Kg1 Kd5
47. Nf3 Bb5 48. h4 Bc4 49. Nd2 Bb3 50. Nb1 Kd4 51. Rg3 g6 52. h5 gxh5 53. Rh3
Bc2 54. Na3 Bg6 55. Kf2 Nd3+ 56. Kg1 Kc3 57. Nb5+ Kb4 58. Nd6 a3 59. Rf3 a2 60.
Rf1 Kc5 61. Nb7+ Kb6 62. Nd6 Nb2 63. Ra1 Bb1 64. Ne4 Bxe4 65. Rxa2 Nc4 66. Ra4
Kc5 67. Ra7 Kd4 68. Kf2 Ne5 69. Kg3 Bg6 70. Kf4 Nd3+ 71. Kg5 Ke4 72. Ra4+ Ke3
73. Ra3 Kf2 74. Ra2+ Kg3 75. Rd2 Nf2 76. Kh6 Kxg2 77. Kg5 Kg3 78. Ra2 h4 79.
Ra3+ Bd3 80. Ra4 h3 81. Rh4 h2 82. Rh5 h6+ 83. Kxh6 h1=Q 84. Rxh1 Nxh1 85. Kg5
Nf2 86. Kf6 Kf4 87. Ke6 Ne4 88. Kd5 Bf1 89. Kd4 Nf6 90. Kc5 Ke4 91. Kd6 Bc4 92.
Kc5 Bd5 93. Kd6 Kd4 94. Ke7 Ke5 95. Kd8 Kd6 96. Kc8 Nd7 97. Kd8 Bf7 98. Kc8 Nc5
99. Kd8 Nb7+ 100. Kc8 Kc6 101. Kb8 Kb6 102. Kc8 Be6+ 103. Kb8 Nc5 104. Ka8 Bf5
105. Kb8 Na6+ 106. Ka8 Be4# 0-1

[Event "Euro Online U2300 Day 1"]
[Site "chess.com INT"]
[Date "2020.05.25"]
[Round "5"]
[White "Siradze, Salome"]
[Black "Arakhamia-Grant, Ketevan"]
[Result "0-1"]
[BlackTitle "GM"]
[WhiteElo "2008"]
[BlackElo "2380"]
[WhiteFideId "13603973"]
[BlackFideId "13600168"]
[EventDate "2020.05.25"]

1. d4 Nf6 2. Nf3 g6 3. c4 Bg7 4. Nc3 O-O 5. e4 d6 6. h3 e5 7. d5 Nh5 8. Nh2 Qe8
9. Be2 Nf4 10. Bf3 f5 11. g3 Nxh3 12. Bg2 fxe4 13. Nxe4 Bf5 14. Ng4 h5 15. Nh6+
Bxh6 16. Bxh6 Bxe4 17. Bxe4 Nxf2 18. Qc2 Rf6 19. Bg5 Nxe4 20. Qxe4 Rf5 21. Qe3
Nd7 22. O-O-O e4 23. g4 Rf3 24. Qd4 Qe5 25. Qxe5 Nxe5 26. gxh5 Rf5 27. Bh6 gxh5
28. Rd4 Re8 29. Rg1+ Kh7 30. Rg7+ Kxh6 31. Rxc7 e3 32. Kd1 Nf3 33. Rd3 e2+ 34.
Kc2 e1=Q 0-1

[Event "Euro Online U2300 Day 1"]
[Site "chess.com INT"]
[Date "2020.05.25"]
[Round "5"]
[White "Hartikainen, Jarmo"]
[Black "Petrovic, Aleksa"]
[Result "0-1"]
[WhiteTitle "CM"]
[WhiteElo "2149"]
[BlackElo "2072"]
[WhiteFideId "503134"]
[BlackFideId "967629"]
[EventDate "2020.05.25"]

1. e4 Nf6 2. e5 Nd5 3. d4 d6 4. Nf3 dxe5 5. Nxe5 c6 6. Qf3 Be6 7. a3 Nd7 8. c4
Nxe5 9. dxe5 Nb6 10. Nd2 Qc7 11. Qe3 g6 12. b4 Bg7 13. Bb2 O-O 14. a4 a5 15. b5
cxb5 16. cxb5 Nd5 17. Qe4 Rfd8 18. Rc1 Qd7 19. Be2 Nb4 20. Nf3 Bd5 21. Qe3 Bxf3
22. gxf3 Nd5 23. Qd4 Qh3 24. Qg4 Qxg4 25. fxg4 Nf4 26. Rc4 g5 27. h4 Ng2+ 28.
Kf1 Nxh4 29. Bc3 Ng6 30. Rc5 b6 31. Rc7 Rac8 32. Rxc8 Rxc8 33. Rh3 Bxe5 34. Bxe5
Nxe5 35. Re3 Ng6 36. Kg2 Nf4+ 37. Kg3 e6 38. Bf3 Kg7 39. Bc6 Rd8 40. Rc3 Rd3+
41. Rxd3 Nxd3 42. Kf3 Nc5 43. Ke3 Nxa4 44. Kd4 Nc5 45. Ke5 a4 46. Kd4 Kf6 47.
Kc3 a3 48. Be8 Ke7 49. Bc6 Nd3 50. f3 a2 0-1

[Event "Euro Online U2300 Day 1"]
[Site "chess.com INT"]
[Date "2020.05.25"]
[Round "5"]
[White "Ghukasyan, Siranush"]
[Black "Putrenko, Kirill"]
[Result "1-0"]
[WhiteTitle "WIM"]
[WhiteElo "2222"]
[BlackElo "2114"]
[WhiteFideId "13300946"]
[BlackFideId "44148402"]
[EventDate "2020.05.25"]

1. e4 c5 2. Nf3 d6 3. d4 cxd4 4. Nxd4 Nf6 5. Nc3 a6 6. Be3 e6 7. f3 h5 8. Qd2
Be7 9. O-O-O b5 10. a3 Bb7 11. g3 Nbd7 12. Be2 Rc8 13. h3 Nb6 14. g4 g6 15. g5
Nfd7 16. f4 Nc5 17. f5 e5 18. fxg6 fxg6 19. Nf5 gxf5 20. exf5 Ne4 21. Nxe4 Bxe4
22. Bd3 Nc4 23. Bxc4 Rxc4 24. c3 Bxf5 25. Rhg1 Bg6 26. Rdf1 Qa8 27. b3 Qe4 28.
Kb2 Rc8 29. Rf2 Kd7 30. Re2 Rhf8 31. Rd1 Rf3 32. Bd4 Qf5 33. Be3 Qe4 34. Bd4 Qf5
35. Be3 Qe6 36. h4 a5 37. c4 bxc4 38. Qxa5 c3+ 39. Ka2 Ke8 40. Qa6 Rb8 41. Qc6+
Kd8 42. Bb6+ Rxb6 43. Qxb6+ Kc8 44. Qc6+ Kb8 45. Qxf3 c2 46. Rc1 d5 47. Qc3 d4
48. Qxd4 exd4 49. Rxe6 d3 50. Rxe7 d2 51. Ree1 dxe1=Q 52. Rxe1 Kc7 53. Kb2 Kd6
54. Rc1 Ke5 55. Rxc2 Kf4 56. Rc6 Be4 57. Rc4 Kf5 58. Rxe4 Kxe4 59. g6 1-0

[Event "Euro Online U2300 Day 1"]
[Site "chess.com INT"]
[Date "2020.05.25"]
[Round "5"]
[White "Kukucka, Matej"]
[Black "Halmeenmaki, Tuomo"]
[Result "1-0"]
[WhiteElo "2107"]
[BlackElo "2132"]
[WhiteFideId "14917270"]
[BlackFideId "502774"]
[EventDate "2020.05.25"]

1. d4 e6 2. c4 b6 3. Nc3 Bb7 4. e3 f5 5. Bd3 Nf6 6. Nf3 Bb4 7. Qc2 O-O 8. O-O
Bxc3 9. bxc3 d6 10. Nd2 Nbd7 11. a4 a5 12. Ba3 Qe8 13. f3 Bc6 14. c5 bxc5 15.
dxc5 d5 16. e4 fxe4 17. fxe4 Ne5 18. Bb5 Qg6 19. Bxc6 Nxc6 20. Rae1 Rab8 21. Qd3
e5 22. Qh3 Nxe4 23. Nxe4 dxe4 24. Bc1 h6 25. Qe3 Rxf1+ 26. Rxf1 Rb1 27. Qd2 Kh7
28. Re1 Ne7 29. Qc2 Ra1 30. Qb2 Rxa4 31. h3 Nd5 32. Qb3 Nf4 33. Bxf4 exf4 34.
Qxa4 f3 35. Qxe4 1-0

[Event "Euro Online U2300 Day 1"]
[Site "chess.com INT"]
[Date "2020.05.25"]
[Round "5"]
[White "Han, Yichen"]
[Black "Petrova, Irina"]
[Result "1-0"]
[WhiteTitle "FM"]
[BlackTitle "WIM"]
[WhiteElo "2307"]
[BlackElo "2087"]
[WhiteFideId "1054430"]
[BlackFideId "14124122"]
[EventDate "2020.05.25"]

1. e4 d6 2. d4 Nf6 3. Nc3 e5 4. Nge2 Nc6 5. d5 Ne7 6. g3 Ng6 7. Bg2 h5 8. Bg5 h4
9. Qd3 h3 10. Bf1 Be7 11. f4 exf4 12. gxf4 Ng4 13. Bxe7 Qxe7 14. Qf3 Qh4+ 15.
Ng3 Nf6 16. Bb5+ Bd7 17. Bxd7+ Nxd7 18. Ne2 O-O-O 19. O-O-O Rde8 20. Kb1 Qf6 21.
Rhf1 Nc5 22. b4 Na4 23. Qb3 Nb6 24. a4 Nh4 25. a5 Nd7 26. a6 bxa6 27. Qa4 Nb8
28. Nd4 Ng2 29. Rf3 Nxf4 30. b5 axb5 31. Nxb5 a6 32. Nd4 g5 33. Rc3 Re7 34. Ngf5
Rxe4 35. Qc4 c5 36. dxc6 Ne2 37. Rcd3 Nxd4 38. Nxd4 Rhh4 39. c7 Nd7 40. Qxa6+
Kxc7 41. Qc6+ Kd8 42. Qa8+ Ke7 43. Nc6+ Ke6 44. Rxd6+ Kf5 45. Rxf6+ Nxf6 46. Qf8
Kg6 47. Ne7+ Rxe7 48. Qxe7 Nh5 49. Rd7 Rf4 50. Rd6+ f6 51. Qe8+ Kh6 52. Rd7 Rf1+
53. Kb2 Nf4 54. Qh8+ Kg6 55. Qh7# 1-0